Normal view
MARC view
Entry Personal Name
001 - CONTROL NUMBER
- control field: 26826
003 - CONTROL NUMBER IDENTIFIER
- control field: dpl
005 - DATE AND TIME OF LATEST TRANSACTION
- control field: 20110330105823.0
008 - FIXED-LENGTH DATA ELEMENTS
- fixed length control field: 110330|||a|||||| | ||| d
040 ## - CATALOGING SOURCE
- Original cataloging agency: dpl
- Transcribing agency: dpl
100 ## - HEADING--PERSONAL NAME
- Personal name: वर्मा, आनंदस्वरूप
670 ## - SOURCE DATA FOUND
- Source citation: Work cat.: (dpl)37015: महाश्वेता देवी 26824, भारत में बंधुआ मज़दूर /, 2008
670 ## - SOURCE DATA FOUND
- Source citation: Work cat.: (dpl)37015: महाश्वेता देवी 26824, भारत में बंधुआ मज़दूर /, 2008
